[Event "Peace Tournament 2018"]
[Site "Zagreb"]
[Date "2018.11.09"]
[Round "1.1"]
[White "Jovanovic, Zoran"]
[Black "Ivanchuk, Vassily"]
[Result "0-1"]
[WhiteElo "2537"]
[BlackElo "2714"]
[Annotator "TA"]
[PlyCount "96"]
[EventDate "2018.11.12"]
[EventType "tourn"]
[EventCountry "CRO"]
[SourceTitle "playchess.com"]
[Source "ChessBase"]
[SourceQuality "1"]

{[%evp 23,96,15,31,0,0,0,0,-8,5,-11,-13,-23,-23,-23,-21,-33,-38,-66,-70,-70,-62,-81,-51,-66,-63,-66,-77,-80,-90,-92,-88,-92,-49,-83,-77,-118,-111,-109,-106,-109,-106,-107,-105,-167,-160,-164,-169,-177,-170,-197,-194,-195,-200,-318,-318,-326,-329,-693,-680,-5625,-5625,-5625,-5600,-5600,-5600,-5600,-5579,-5057,-4677,-5165,-2245,-2104,-1633,-823,-789]} 1. e4 e5 2. Nf3 Nc6 3. Bb5 a6 4. Ba4 Nf6 5. O-O Be7 6. Re1 b5 7. Bb3 d6 8. a4 Bd7 9. c3 O-O 10. d4 h6 {C90: Closed Ruy Lopez with 7...d6: Early deviations} 11. Nbd2 {[%cal Bb1d2,Bd2f1,Bf1e3][%mdl 32]} (11. Nh4 Kh8 12. Nf5 Na5 13. Bc2 Bxf5 14. exf5 exd4 15. cxd4 d5 16. axb5 axb5 17. Bxh6 gxh6 18. Rxa5 Rxa5 19. Qd2 Re8 20. Qxh6+ Kg8 21. Qg5+ Kf8 22. Qh6+ Kg8 23. Qg5+ Kf8 {½-½ (23) Predojevic,B (2647)-Kamsky,G (2673) Karlsruhe 2016}) 11... Re8 12. Nf1 Bf8 {LiveBook: 38 Games. The position is equal.} 13. dxe5 dxe5 14. Ne3 Na5 15. Bc2 c5 16. axb5 $146 ({Predecessor:} 16. Nd2 c4 17. Qf3 Bc5 {½-½ (17) Lovakovic,F (2214)-Salzmann,S (2108) LSS email 2010}) 16... axb5 17. Nd5 {Black should prevent Nxf6+.} Bc6 18. Nxf6+ Qxf6 19. Nd2 c4 20. b4 cxb3 $1 21. Nxb3 Red8 22. Qf3 Qxf3 23. gxf3 Nc4 24. Rxa8 Rxa8 25. Bd3 Bd7 26. f4 Rc8 27. f5 b4 28. cxb4 Bxb4 29. Re2 Ba4 30. Na1 Bd1 31. Ra2 Nd6 32. Nc2 Bf3 $36 {[%mdl 2048] Black has strong initiative.} 33. h4 (33. f6 $17) 33... Rc3 34. Bd2 Rxd3 35. Bxb4 Nxe4 36. Ne1 Rb3 37. Nxf3 Rxf3 $19 {[%mdl 4096] Endgame KRB-KRN} ({Not} 37... Rxb4 38. Ra8+ Kh7 39. Nxe5 $15) 38. Re2 {[#]} (38. Kg2 {was worth a try.} Rxf5 39. f3) 38... Rf4 $1 39. Kg2 Nxf2 ({Don't take} 39... Rxh4 40. f3 $19) 40. Rxe5 $2 (40. Bc3 Nd3 41. Bxe5) 40... Rxb4 {Black is clearly winning.} 41. Kxf2 Rxh4 {KR-KR} 42. Re8+ Kh7 43. Kg3 Ra4 44. Re7 f6 45. Rb7 h5 46. Rc7 Kh6 47. Rb7 Rg4+ 48. Kf3 Rg1 {Precision: White = 44%, Black = 91%.} 0-1

[Event "Peace Tournament 2018"]
[Site "Zagreb"]
[Date "2018.11.09"]
[Round "1.2"]
[White "Malakhov, Vladimir"]
[Black "Cheparinov, Ivan"]
[Result "1/2-1/2"]
[WhiteElo "2654"]
[BlackElo "2711"]
[Annotator "TA"]
[PlyCount "42"]
[EventDate "2018.11.12"]
[EventType "tourn"]
[EventCountry "CRO"]
[SourceTitle "playchess.com"]
[Source "ChessBase"]
[SourceQuality "1"]

{[%evp 22,42,18,6,6,11,14,18,14,13,9,0,0,-10,-10,-10,-10,-10,-10,-10,-10,-12,-8]} 1. Nf3 c5 2. c4 Nc6 3. Nc3 Nf6 4. e3 g6 5. d4 cxd4 6. exd4 d5 7. cxd5 Nxd5 8. Qb3 e6 9. Bb5 Bg7 10. O-O {A35: Symmetrical English: 2 Nc3 Nc6 3 Nf3} O-O 11. Bxc6 bxc6 12. Re1 {LiveBook: 7 Games. The position is equal.} Qc7 13. Na4 $146 ({Predecessor:} 13. Bd2 Rb8 14. Qa3 Qe7 15. Qxe7 Nxe7 16. b3 Nf5 17. Rad1 Nxd4 18. Nxd4 Bxd4 {½-½ (29) Gledura,B (2615)-Safarli,E (2657) Brest 2018}) 13... c5 14. Nxc5 Bxd4 15. Nxd4 {[#] Ne4 is the strong threat.} Qxc5 16. Nf3 Qb6 17. Qxb6 axb6 18. Bd2 f6 19. Nd4 e5 20. Nc2 Bb7 21. Nb4 Rfc8 1/2-1/2

[Event "Peace Tournament 2018"]
[Site "Zagreb"]
[Date "2018.11.09"]
[Round "1.3"]
[White "Kozul, Zdenko"]
[Black "Adhiban, B.."]
[Result "0-1"]
[WhiteElo "2612"]
[BlackElo "2682"]
[Annotator "TA"]
[PlyCount "220"]
[EventDate "2018.11.12"]
[EventType "tourn"]
[EventCountry "CRO"]
[SourceTitle "playchess.com"]
[Source "ChessBase"]
[SourceQuality "1"]

{[%evp 17,220,2,11,0,9,0,18,7,7,-4,10,0,29,14,49,42,44,14,14,16,18,4,22,1,68,62,70,44,81,51,51,48,60,48,57,12,66,30,71,84,62,56,58,60,59,52,108,39,83,77,73,3,5,-32,229,0,0,-56,-88,-360,-222,-226,-226,-211,-211,-205,-90,-225,-183,-161,-155,-147,-162,-169,-162,-138,-148,-145,-141,-136,-135,-238,0,0,0,-231,-231,-231,-18,-18,0,-231,-224,-222,-20,-20,0,-214,-216,-209,-216,-212,-83,-83,-83,-83,-88,-88,-68,-68,-68,-68,-76,-76,-60,-83,-51,-83,-83,-83,-51,-51,-51,-51,0,-51,-51,-83,-83,-83,-83,-83,-83,-83,-83,-83,-83,-83,-83,-83,-83,-83,-83,-83,-83,-83,0,-83,-83,-83,-83,-98,-98,-98,0,0,0,-98,-98,-98,-98,-98,-98,-98,-98,-98,-98,-98,-98,-98,-8,-8,0,0,0,0,0,0,0,-1541,-1401,-560,-789,-551,-612,-598,-132,-132,-132,-132,-132,-132,-132,-132,-132,-132,-132,-132,-132,-132,-132,-29979,-29980,-29980,-29981]} 1. d4 d5 2. c4 c6 3. Nf3 Nf6 4. e3 e6 5. Bd3 dxc4 6. Bxc4 Nbd7 7. O-O Bd6 8. Nbd2 {D30: Queen's Gambit Declined: Systems without Nc3} O-O 9. Be2 c5 {LiveBook: 3 Games} 10. b3 $146 {The position is equal.} ({Predecessor:} 10. Nc4 Be7 11. b3 b6 12. Bb2 {½-½ (12) Yakovich,Y (2560)-Tkachiev,V (2625) Kazan 2005}) 10... b6 11. Nc4 Bc7 12. a4 Bb7 13. Ba3 Ne4 14. Rc1 Qf6 15. Ncd2 Rac8 16. Nxe4 Bxe4 17. Nd2 Bb7 18. Bf3 Ba6 19. Re1 Rfd8 20. b4 cxb4 (20... cxd4 $11 21. b5 dxe3 22. Rxe3 Bf4 23. bxa6 Bxe3 24. fxe3 Ne5 25. Rxc8 Rxc8) 21. Bxb4 $14 Bb8 22. Qb3 Qg6 23. Ne4 Nf6 24. Nxf6+ Qxf6 25. Qa3 Qg6 26. Be7 Re8 (26... Rxc1 $11 27. Rxc1 Rc8) 27. h3 h6 28. Bd6 Qd3 29. Bc6 Bxd6 30. Qxd6 Rf8 31. Qe7 Bc4 ({Black should try} 31... Qd2 $14 32. Red1 Qb2) 32. Bf3 (32. Bb7 $1 $16 {[%cal Rb7c8]} Rce8 33. Qc7) 32... a6 33. Qa7 Qb3 34. Ra1 ({Better is} 34. Bb7 $16) 34... Bd3 $11 35. e4 Rc2 $2 {[%mdl 8192]} (35... Qb4 $15 {stays ahead.}) 36. d5 $2 (36. Bd1 $18) 36... Qb4 $36 {[%mdl 2048] Black has good play.} 37. Red1 (37. Rad1 $11) 37... Qd4 $15 ({Of course not} 37... Bxe4 $6 38. Bxe4 Qxe4 39. Qxa6 $11) 38. a5 $2 {[%mdl 8192]} (38. Kh1 $17 Rxf2 39. Ra3 Rf1+ 40. Rxf1 Bxf1 41. Rb3) 38... Qxf2+ 39. Kh1 Be2 40. Bxe2 Qxe2 {[%csl Gc2][%cal Re2g2]} 41. Rg1 bxa5 (41... Qxe4 $19 42. Rac1 Rd2 43. axb6 Rd3) 42. d6 (42. Rxa5 $17 Qxe4 43. dxe6) 42... Rd2 43. Qe7 Qxe4 44. Rad1 Rxd1 $1 45. Rxd1 $17 {[%mdl 4096] Endgame KQR-KQR} Qc2 $1 {[%cal Rc2d1]} 46. Rf1 Qc5 $1 47. Rb1 g6 48. Qc7 Qe5 $1 49. Rb6 (49. Rc1 $17) 49... Qe1+ $2 (49... a4 $19 50. Rxa6 Qf4) 50. Kh2 $11 Qe5+ $2 (50... Qh4 $11) 51. Kh1 $19 a4 52. Rxa6 Qe1+ $2 (52... Qf4 $19 {Threatens to win with ...Qf1+.} 53. Ra7 Kg7 54. Qc3+ Qf6) 53. Kh2 $11 Qe5+ $2 (53... Qh4 $11) 54. Kh1 $19 Qf4 55. Ra7 Qf1+ $2 ({Black should play} 55... Kg7 $1 $19 {Hoping for ...h5.} 56. Qc3+ Qf6) 56. Kh2 $11 Qf4+ $2 (56... Qf6 $11) 57. Kh1 $19 Kg7 $1 58. Qc3+ Qf6 $1 {[%cal Rf6c3]} 59. Qc7 Rd8 (59... Qf1+ $19 {has better winning chances.} 60. Kh2 Qf4+ 61. Kh1 h5) 60. Rxa4 $17 e5 $1 61. d7 Qe7 62. Ra5 e4 (62... Rxd7 {seems wilder.} 63. Qxe5+ Qxe5 64. Rxe5 h5 65. Re4 g5) 63. Re5 Qxd7 64. Qxd7 Rxd7 65. Rxe4 $15 {KR-KR} g5 66. g4 Rd2 67. Kg1 Kg6 68. Re8 Rc2 69. Ra8 Re2 70. Rh8 Rd2 (70... Kg7 $15 71. Rc8 f6) 71. Ra8 (71. Re8 $1 $11) 71... Rb2 72. Rh8 Re2 73. Ra8 h5 74. Rg8+ Kf6 $1 {White must now prevent ...hxg4.} 75. gxh5 Re4 $1 76. Kg2 Rh4 77. Ra8 Rxh5 78. Ra6+ Kf5 79. Ra5+ Kg6 $1 80. Ra6+ Kg7 81. Ra5 Kg6 82. Ra6+ f6 $1 83. Ra8 Rh7 84. Kg3 f5 85. Rg8+ Kh5 (85... Rg7 $17 86. Rc8 Ra7 87. Rg8+ Rg7) 86. Rf8 Kg6 (86... Rb7 $11) 87. Rg8+ $17 Rg7 88. Rf8 Rb7 89. Rg8+ Kh6 90. Rf8 Rb3+ 91. Kg2 Kg6 92. Kh2 Rb2+ 93. Kg3 f4+ (93... Rd2 $17 94. Kf3 Rd3+ 95. Kg2 Rd2+ 96. Kf3 Rh2) 94. Kf3 $11 Rb3+ 95. Kg2 Kg7 96. Rf5 Kg6 97. Rf8 Rb5 98. h4 $2 {[%mdl 8192]} (98. Kf3 $11) 98... Kg7 $1 $19 99. Ra8 g4 100. Ra4 {[#]} Rf5 $1 101. Kf2 {[#]} Kg6 $2 (101... Kh6 $1 $19 {And now ...Kh5 would win.} 102. Ra8 Rf6) 102. Ra8 $17 {intending Rg8+.} Rf6 {Strongly threatening ...Kh5.} 103. Rg8+ Kh5 104. Rh8+ Rh6 105. Rf8 g3+ 106. Kg2 Kg4 ({Reject} 106... Kxh4 $6 107. Rxf4+ Kh5 108. Kxg3 $11) 107. Rg8+ Kxh4 108. Kf3 Kh3 {aiming for ...Kh2.} 109. Rg7 $2 {[%mdl 8192]} (109. Rd8 $17) 109... Kh2 110. Rg8 Kh1 {Precision: White = 43%, Black = 49%.} 0-1

[Event "Peace Tournament 2018"]
[Site "Zagreb"]
[Date "2018.11.09"]
[Round "1.4"]
[White "Stevic, Hrvoje"]
[Black "Palac, Mladen"]
[Result "1/2-1/2"]
[WhiteElo "2589"]
[BlackElo "2548"]
[Annotator "TA"]
[PlyCount "56"]
[EventDate "2018.11.12"]
[EventType "tourn"]
[EventCountry "CRO"]
[SourceTitle "playchess.com"]
[Source "ChessBase"]
[SourceQuality "1"]

{[%evp 30,56,-18,-21,-6,-22,0,-12,6,6,6,-11,6,8,9,7,10,4,4,2,5,2,8,-8,-7,-8,-7,-6,-10]} 1. e4 c5 2. Nf3 d6 3. d4 cxd4 4. Nxd4 Nf6 5. Nc3 a6 6. Be2 e5 7. Nb3 Be7 8. O-O O-O 9. Be3 Be6 10. a4 Nc6 11. a5 Bxb3 {B92: Sizilianisch (Najdorf-Variante mit 6.Le2)} 12. cxb3 Nxa5 13. Nd5 Nc6 {[%cal Ba5c6,Bc6d4,Bd4b3][%mdl 32]} 14. Bb6 Qd7 15. Nxf6+ Bxf6 16. Bg4 {LiveBook: 6 Partien. Die Stellung ist ausgeglichen.} Qe7 17. Qd5 Nd4 $146 ({Vorgänger:} 17... g6 18. Rfd1 h5 19. Bh3 Nd4 20. Kh1 Bg7 21. f3 Qh4 22. Rf1 Qe7 23. Rfd1 Qh4 24. Rf1 {½-½ (24) Grabner,H (2319)-Shapiro,V (2358) ICCF Email 2007}) 18. Rfd1 Qe8 19. Qxd6 Nxb3 20. Rab1 Nd4 21. Bd7 Qe7 22. Qxe7 $1 Bxe7 23. Bxd4 exd4 24. Rxd4 Rfd8 25. Rbd1 b6 26. Bg4 Rxd4 27. Rxd4 Rd8 28. Rxd8+ Bxd8 1/2-1/2

[Event "Peace Tournament 2018"]
[Site "Zagreb"]
[Date "2018.11.09"]
[Round "1.5"]
[White "Bacrot, Etienne"]
[Black "Saric, Ivan"]
[Result "1/2-1/2"]
[WhiteElo "2677"]
[BlackElo "2692"]
[Annotator "TA"]
[PlyCount "55"]
[EventDate "2018.11.12"]
[EventType "tourn"]
[EventCountry "CRO"]
[SourceTitle "playchess.com"]
[Source "ChessBase"]
[SourceQuality "1"]

{[%evp 20,55,9,9,30,6,32,26,35,35,35,35,35,34,38,14,10,10,0,0,28,0,0,0,0,0,0,0,0,0,0,0,0,0,0,0,0,0]} 1. e4 c5 2. Nf3 d6 3. d4 cxd4 4. Nxd4 Nf6 5. Nc3 a6 6. g3 e5 7. Nde2 Be7 8. Bg2 O-O 9. O-O b5 10. Nd5 {B91: Sicilian Najdorf: 6 g3} Nbd7 11. Nec3 {LiveBook: 12 Games} Rb8 $146 ({Predecessor:} 11... Bb7 12. b3 Rc8 13. Be3 h6 14. Bh3 b4 15. Nxf6+ Nxf6 16. Bxc8 Qxc8 17. Nd5 Nxd5 18. exd5 {½-½ (71) Ragger,M (2686)-Saric,I (2689) Batumi 2018}) 12. Be3 {White has an edge.} b4 13. Nxe7+ Qxe7 14. Nd5 Nxd5 15. Qxd5 Bb7 16. Qa5 Nc5 17. Bxc5 dxc5 18. Rfd1 Rfd8 19. c3 Rd6 (19... bxc3 {is more complex.} 20. bxc3 g6 21. Rab1 Kg7 22. Re1 Rbc8) 20. cxb4 cxb4 {The position is equal.} 21. Rxd6 Qxd6 22. Bf3 g6 23. Rd1 Qe7 24. Rc1 Rc8 25. Rxc8+ Bxc8 26. Qb6 Kg7 27. Kg2 h6 28. h4 {Precision: White = 86%, Black = 63%.} 1/2-1/2

[Event "Peace Tournament 2018"]
[Site "Zagreb"]
[Date "2018.11.09"]
[Round "1.6"]
[White "Zelcic, Robert"]
[Black "Amin, Bassem"]
[Result "1/2-1/2"]
[WhiteElo "2508"]
[BlackElo "2709"]
[Annotator "TA"]
[PlyCount "80"]
[EventDate "2018.11.12"]
[EventType "tourn"]
[EventCountry "CRO"]
[SourceTitle "playchess.com"]
[Source "ChessBase"]
[SourceQuality "1"]

{[%evp 17,80,-38,128,49,38,14,22,10,16,0,28,31,20,32,54,-6,0,0,-2,-10,-17,-21,-27,-18,16,-31,-31,-32,-9,-8,-8,0,-9,-9,0,-45,-45,-45,-46,-46,-46,-46,-45,-45,-24,-24,-24,-41,-33,-72,-72,-77,-64,-78,-64,-75,-64,-84,-64,-94,-94,-94,-94,-119,-119]} 1. e4 e5 2. Nf3 Nc6 3. Bb5 a6 4. Ba4 Nf6 5. d4 exd4 6. O-O Be7 7. e5 Ne4 8. Nxd4 Nc5 9. Nf5 g6 $2 {LiveBook: 3 Games. C84: Closed Ruy Lopez: Unusual White 6th moves} (9... O-O $1 $15 {stays ahead.}) (9... O-O 10. Qg4 g6 11. Bxc6 dxc6 12. Nxe7+ Qxe7 13. Qg3 Bf5 14. Bg5 Qe6 15. Nd2 Rfe8 16. Rfe1 Qd5 17. c4 Qd3 18. Qh4 Ne6 19. Nf3 Nxg5 20. Nxg5 {1-0 (35) Mihok,O (2505)-Naroditsky,D (2646) chess.com INT 2017}) 10. Bxc6 (10. Nxe7 $16 Qxe7 11. Nc3) 10... dxc6 $14 11. Nxe7 Qxe7 {The position is equal.} 12. Bh6 {And now Bg7 would win.} Rg8 13. Nc3 $146 ({Predecessor:} 13. f4 Ne6 14. Nc3 Qh4 15. Ne4 Qxh6 16. Nf6+ Kf8 17. Rf3 {½-½ (27) Nataf,I-Ledger,A (2330) Paris 1993}) 13... g5 14. f4 gxf4 15. Bxf4 Bd7 16. Qf3 ({White should play} 16. Bg3 $14) 16... O-O-O 17. Qf2 Be6 18. Bg3 {[#] Threatens to win with Bh4.} Rg4 19. Rad1 Rdg8 20. Rd4 Nd7 21. Rfd1 {Rxd7! is the strong threat.} Rxd4 22. Rxd4 Rg4 23. Rxg4 Bxg4 24. h3 Bh5 25. Qf4 Bg6 26. Ne4 (26. e6 {with more complications.} Nf8 27. exf7 Qxf7 28. Qd4 Bxc2 29. Qa7) 26... Qxe5 27. Qxe5 Nxe5 28. Bxe5 {[#] aiming for Nc5.} Bxe4 $15 {[%mdl 4096] Endgame KB-KB} 29. c3 Kd7 30. Kf2 Ke6 31. Bxc7 Kd5 32. g3 Bb1 33. Ke3 Bxa2 34. b4 Bb1 35. Kd2 Kc4 36. h4 Be4 37. Bd8 Bf5 38. Bc7 c5 {Black is better.} 39. bxc5 Kxc5 40. Kc1 Kc4 {Precision: White = 37%, Black = 47%.} 1/2-1/2

[Event "Peace Tournament 2018"]
[Site "Zagreb"]
[Date "2018.11.09"]
[Round "2.1"]
[White "Ivanchuk, Vassily"]
[Black "Amin, Bassem"]
[Result "0-1"]
[WhiteElo "2714"]
[BlackElo "2709"]
[Annotator "TA"]
[PlyCount "52"]
[EventDate "2018.11.12"]
[EventType "tourn"]
[EventCountry "CRO"]
[SourceTitle "playchess.com"]
[Source "ChessBase"]
[SourceQuality "1"]

{[%evp 19,52,19,28,25,41,37,41,38,30,29,54,62,66,34,22,24,27,0,42,28,64,0,0,-75,-73,-76,-64,-98,-86,-98,-126,-154,-139,-132,-133]} 1. d4 Nf6 2. Nf3 g6 3. g3 Bg7 4. Bg2 O-O 5. O-O d6 6. c4 Nc6 7. Nc3 e5 8. d5 Nb8 9. e4 a5 {E62: Königsindisch (6...Sc6)} 10. Ne1 Na6 {LiveBook: 71 Partien} 11. Bg5 (11. f4 exf4 12. gxf4 Re8 13. Nd3 Ng4 14. h3 Bd4+ 15. Kh1 {½-½ (25) Inarkiev,E (2727)-Sutovsky,E (2650) Poikovsky 2017}) 11... h6 $146 {Weiß hat minimalen Vorteil.} ({Vorgänger:} 11... Nc5 12. Nd3 b6 13. h3 h6 14. Be3 Nfd7 15. Qd2 Nxd3 16. Qxd3 Nc5 17. Qd2 {0-1 (56) Batsuren,D (2446)-Priasmoro,N (2485) Ulaanbaatar 2018}) 12. Be3 Ng4 13. Bd2 f5 14. Nd3 b6 15. f3 Nf6 16. Be3 Nc5 17. Nxc5 bxc5 18. Qd2 g5 19. exf5 Bxf5 20. b3 (20. a4 $14) 20... Qd7 21. Rf2 {[#]} (21. Ne4 $11) 21... e4 $1 $17 22. Raf1 {[%cal Rf3e4]} exf3 23. Bxf3 Rae8 24. Nd1 a4 25. Qc1 axb3 26. axb3 Rb8 {Precision: Weiß = 48%, Schwarz = 74%.} 0-1

[Event "Peace Tournament 2018"]
[Site "Zagreb"]
[Date "2018.11.09"]
[Round "2.2"]
[White "Saric, Ivan"]
[Black "Zelcic, Robert"]
[Result "1-0"]
[WhiteElo "2692"]
[BlackElo "2508"]
[Annotator "TA"]
[PlyCount "81"]
[EventDate "2018.11.12"]
[EventType "tourn"]
[EventCountry "CRO"]
[SourceTitle "playchess.com"]
[Source "ChessBase"]
[SourceQuality "1"]

{[%evp 16,81,65,65,45,17,41,20,25,13,6,2,0,2,5,14,7,6,81,76,70,67,70,52,52,55,44,42,77,29,36,35,31,35,60,29,33,29,71,85,97,83,114,106,188,187,190,181,244,242,270,208,209,207,193,188,195,195,192,186,233,233,415,424,437,435,477,466]} 1. e4 c6 2. d4 d5 3. e5 c5 4. dxc5 Nc6 5. f4 e6 6. Be3 {B12: Caro-Kann: Advance Variation} d4 7. Bf2 Bxc5 8. Nd2 Nge7 {[%cal Bg8e7,Be7d5,Bd5c3][%mdl 32]} 9. a3 {LiveBook: 7 Games} Nd5 10. Ne4 Be7 $146 ({Predecessor:} 10... Qa5+ 11. b4 Ncxb4 12. axb4 Qxb4+ {1-0 (37) Dominguez Perez,L (2739)-Navara,D (2737) Saint Louis 2017}) 11. Qd2 Qb6 12. O-O-O (12. c3 {is interesting.} dxc3 13. Nxc3 Qa5 14. Nxd5 Qxd2+ 15. Kxd2 exd5 16. Bd3) 12... Nc3 $1 {[#]} 13. Qxc3 $1 {[%mdl 512]} dxc3 {[%csl Gc3][%cal Rb6b2]} 14. Bxb6 cxb2+ 15. Kxb2 axb6 16. Nd6+ Kf8 (16... Bxd6 $1 $11 {keeps the balance.} 17. Rxd6 Ke7) 17. Nf3 Bd7 18. Bb5 Bxd6 19. exd6 f6 20. Rhe1 Kf7 21. Re4 Rhe8 22. Nd2 Nb8 23. Bc4 b5 24. Ba2 {f5 is the strong threat.} Kf8 25. Nb3 {aiming for Nc5.} Na6 $1 26. Rde1 Red8 27. g4 Bc8 28. Rd1 b6 29. g5 Ra7 (29... g6 $16) 30. gxf6 $18 gxf6 31. Re3 {Threatens to win with Nd4.} Nc7 (31... b4 {was worth a try.}) 32. f5 $1 {Hoping for Nd4.} Nd5 33. Red3 Nf4 {[#]} 34. Rg3 $1 {Black must now prevent Rdg1.} Rg7 (34... e5 $2 35. Rdg1 $18) 35. Nd4 exf5 36. Rf3 ({But not} 36. Nxb5 $6 Rxg3 37. hxg3 Ne6 $14) 36... Ng6 37. Rc3 {And now Rxc8! would win.} ({Don't play} 37. Nxf5 Ne5 $16) 37... Ne5 38. Be6 $40 {[%mdl 128] White has strong attack.} (38. Nxb5 f4 $11) 38... Nc4+ $2 (38... Bd7 {was necessary.} 39. Bxd7 (39. Bxf5 Bxf5 40. Nxf5 Rg5 $14) 39... Rgxd7) 39. Rxc4 bxc4 {[#]} 40. Bxc8 $1 c3+ 41. Kb3 {Precision: White = 75%, Black = 59%.} 1-0

[Event "Peace Tournament 2018"]
[Site "Zagreb"]
[Date "2018.11.09"]
[Round "2.3"]
[White "Palac, Mladen"]
[Black "Bacrot, Etienne"]
[Result "1/2-1/2"]
[WhiteElo "2548"]
[BlackElo "2677"]
[Annotator "TA"]
[PlyCount "44"]
[EventDate "2018.11.12"]
[EventType "tourn"]
[EventCountry "CRO"]
[SourceTitle "playchess.com"]
[Source "ChessBase"]
[SourceQuality "1"]

{[%evp 17,44,19,17,18,18,18,18,10,20,16,19,25,16,9,3,8,10,4,12,5,45,18,23,18,24,21,22,6,22]} 1. e4 e5 2. Nf3 Nc6 3. Bb5 Nf6 4. d3 Bc5 5. O-O d6 6. Nc3 Bd7 {C48: Four Knights: 4 Bb5, replies other than 4...Bb4} 7. Na4 Bb6 8. c3 Ne7 9. Nxb6 axb6 {LiveBook: 4 Games} 10. Bxd7+ (10. Bc4 Ng6 11. h3 Be6 12. Bxe6 fxe6 13. Qb3 Qe7 14. Ng5 {1-0 (43) Karjakin,S (2762)-Onischuk,A (2662) Baku 2015}) 10... Qxd7 11. Bg5 Qe6 12. a3 $146 ({Predecessor:} 12. d4 Ng6 13. d5 Qd7 14. Nd2 {1-0 (33) Socko,B (2619)-Andersen,M (2461) Reykjavik 2013}) 12... h6 13. Bxf6 Qxf6 14. d4 Ng6 15. dxe5 dxe5 16. Qe2 O-O 17. g3 Rfd8 18. Rfd1 Ne7 19. Rxd8+ Rxd8 20. Rd1 Rd6 21. Rxd6 Qxd6 22. Qd2 Qxd2 1/2-1/2